[Event "AUTO-BEG-270"]
[Site "http://www.queenalice.com/game.php?id=501289"]
[Date "2008.12.2"]
[Round "1"]
[White "Lisbela2"]
[Black "dallascow"]
[Result "0-1"]
[WhiteElo "1204"]
[BlackElo "1350"]

1. Nc3 e6 2. Ne4 d5 3. Nf3 dxe4 4. d4 Nc6 5. e3 Nb4 6. Bc4 Nh6 7. Ne5 Nc6 8. Bb5
Bd7 9. Nxd7 Qxd7 10. c3 Qd5 11. Qe2 Bd6 12. c4 Qg5 13. Kf1 O-O 14. g3 a6 15. h4
Qf5 16. a4 Ng4 17. f4 axb5 18. cxb5 Nb4 19. Bd2 Nc2 20. Rc1 Ncxe3+ 21. Ke1 c5
22. Bxe3 Nxe3 23. Qxe3 Rxa4 24. Qb3 Rb4 25. Qa3 Rxb5 26. Qa4 Rb4 27. Qa5 Rc8 28.
dxc5 Rxc5 29. Qxb4 Rxc1+ 0-1

[Event "AUTO-BEG-275"]
[Site "http://www.queenalice.com/game.php?id=509585"]
[Date "2008.12.18"]
[Round "1"]
[White "txukahamae"]
[Black "dallascow"]
[Result "1/2-1/2"]
[WhiteElo "1487"]
[BlackElo "1493"]

1. d4 e6 2. c4 Nc6 3. Nf3 Bb4+ 4. Nc3 Bxc3+ 5. bxc3 d5 6. cxd5 exd5 7. e3 Nf6 8.
Bd3 Bg4 9. Ba3 Qd7 10. Qb3 Na5 11. Qb4 Nc6 12. Qxb7 Rb8 13. Qa6 Rb6 14. Qa4 Ne4
15. Bxe4 dxe4 16. Nd2 a5 17. Nxe4 Qf5 18. Ng3 Qd3 19. Rc1 Rb1 20. Qxc6+ Kd8 21.
Qd5+ Kc8 22. Qa8+ Kd7 23. Qd5+ Kc8 24. Qa8+ Kd7 25. Qd5+ Kc8 1/2-1/2

[Event "AUTO-BEG-275"]
[Site "http://www.queenalice.com/game.php?id=509586"]
[Date "2008.12.18"]
[Round "1"]
[White "dallascow"]
[Black "txukahamae"]
[Result "0-1"]
[WhiteElo "1489"]
[BlackElo "1593"]

1. e4 Nf6 2. Nc3 d5 3. exd5 Nxd5 4. Qf3 Nxc3 5. Qxc3 Nc6 6. d3 e5 7. Nf3 f6 8.
Bd2 Be6 9. O-O-O Bd6 10. a3 O-O 11. h3 Qe7 12. g4 a6 13. Re1 Na7 14. d4 Rfe8 15.
dxe5 fxe5 16. g5 Bf5 17. Nh4 Bd7 18. Bg2 Bc6 19. Nf5 Qe6 20. Bf4 Qxf5 21. Bxc6
Nxc6 22. Qc4+ Kh8 23. Bd2 Qg6 24. f4 exf4 25. Rxe8+ Rxe8 26. Re1 Rxe1+ 27. Bxe1
Qxg5 28. Qe6 Qd8 29. h4 Qe7 30. Qc8+ Qf8 31. Qxb7 Nb8 32. Bb4 Bxb4 33. axb4 f3
34. Qxc7 f2 35. Kb1 f1=Q+ 36. Ka2 Q8f7+ 37. Qxf7 Qxf7+ 38. Ka3 Qh5 39. Ka4 Qxh4
40. c3 Nc6 41. b3 Nxb4 42. Ka5 Qg3 43. Kxb4 h5 44. c4 h4 45. Ka5 Qxb3 0-1

[Event "AUTO-BEG-275"]
[Site "http://www.queenalice.com/game.php?id=509603"]
[Date "2008.12.18"]
[Round "1"]
[White "dallascow"]
[Black "Killer79"]
[Result "0-1"]
[WhiteElo "1419"]
[BlackElo "1157"]

1. e3 Nf6 2. Nc3 d5 3. Nf3 h6 4. Bd3 e6 5. O-O g5 6. e4 d4 7. Na4 g4 8. Nh4 Bd6
9. a3 Rg8 10. c3 Nh7 11. e5 Bxe5 12. Bxh7 Qxh4 13. g3 Qg5 14. Bxg8 Qxg8 15. f4
gxf3 16. Rxf3 Nd7 17. cxd4 Bxd4+ 18. Kh1 b6 19. Nc3 Ba6 20. d3 h5 21. Bd2 Ne5
22. Rf1 Bb7+ 23. Ne4 f5 24. Qxh5+ Kd7 25. Kg2 fxe4 26. dxe4 Bxe4+ 27. Kh3 Qg6
28. Qe2 Rh8+ 0-1

[Event "AUTO-BEG-275"]
[Site "http://www.queenalice.com/game.php?id=509605"]
[Date "2008.12.18"]
[Round "1"]
[White "dallascow"]
[Black "Zorglubb"]
[Result "1-0"]
[WhiteElo "1386"]
[BlackElo "1213"]

1. e4 e5 2. d3 h6 3. Qf3 Bc5 4. Be3 Be7 5. d4 d6 6. Bc4 Nf6 7. d5 Bg4 8. Qg3 Qd7
9. f3 Bh5 10. Qxg7 Bg6 11. Qxh8+ Bf8 12. Bxh6 Nh7 13. Bxf8 Nxf8 14. Qh4 c6 15.
Nc3 a5 16. O-O-O b5 17. dxc6 Nxc6 18. Nxb5 Qe7 19. g3 Nd4 20. Ne2 Nxb5 21. Bxb5+
Kd8 22. Rxd6+ Kc8 23. Qxe7 Ne6 24. Rhd1 Kb8 25. Rb6+ Kc8 26. Qb7# 1-0

[Event "AUTO-BEG-275"]
[Site "http://www.queenalice.com/game.php?id=509606"]
[Date "2008.12.18"]
[Round "1"]
[White "Zorglubb"]
[Black "dallascow"]
[Result "1-0"]
[WhiteElo "970"]
[BlackElo "1350"]

1. e4 e6 2. d3 d6 3. Qf3 d5 4. a3 dxe4 5. dxe4 Bc5 6. Nc3 Ne7 7. Qh5 Qd4 8. Be3
Qxe4 9. Nxe4 Bxe3 10. fxe3 Bd7 11. Ng5 g6 12. Qf3 Bc6 13. Qxf7+ Kd8 14. Rd1+ Nd7
15. Nxe6+ Kc8 16. Qxe7 b6 17. Ba6+ Kb8 18. Rxd7 Bxd7 19. Qxd7 c5 20. Qc7# 1-0

[Event "AUTO-INT-1163"]
[Site "http://www.queenalice.com/game.php?id=519684"]
[Date "2009.1.9"]
[Round "1"]
[White "Hermano"]
[Black "dallascow"]
[Result "1-0"]
[WhiteElo "1754"]
[BlackElo "1503"]

1. e4 e5 2. Nf3 Bc5 3. Nxe5 Qf6 4. Nf3 d6 5. h3 Nc6 6. Bb5 Bd7 7. c3 Nh6 8. d4
O-O 9. dxc5 a6 10. Bxc6 Bxc6 11. cxd6 cxd6 12. Qd4 Qe6 13. O-O Bxe4 14. Re1 Qd5
15. Bxh6 Qxd4 16. Nxd4 Rae8 17. Be3 Bd3 18. Na3 b5 19. b3 Rc8 20. Rac1 b4 21.
cxb4 Rxc1 22. Rxc1 h6 23. Rc6 Be4 24. Rxd6 f5 25. Rxa6 Bd3 26. Nc4 Re8 27. b5
Be4 28. Nd6 Rd8 29. N4xf5 Bxf5 30. Nxf5 Re8 31. b6 Re6 32. b7 Rxa6 33. b8=Q+ Kh7
34. Ne7 g5 35. Qg8# 1-0

[Event "AUTO-INT-1163"]
[Site "http://www.queenalice.com/game.php?id=519685"]
[Date "2009.1.9"]
[Round "1"]
[White "dallascow"]
[Black "Hermano"]
[Result "0-1"]
[WhiteElo "1476"]
[BlackElo "1808"]

1. e3 Nf6 2. d4 d5 3. Nf3 Nc6 4. Ne5 Nb4 5. Na3 Bf5 6. Bd3 Bxd3 7. Nxd3 e6 8.
O-O Bd6 9. Bd2 Nxd3 10. cxd3 Bxa3 11. bxa3 O-O 12. e4 h6 13. exd5 Qxd5 14. Bb4
Rfe8 15. Rc1 Qxd4 16. Rc4 Qb6 17. Bc5 Qa5 18. a4 b6 19. Bd4 e5 20. Be3 Nd5 21.
Qe1 Qxe1 22. Rxe1 a6 23. Rc6 Rac8 24. h3 Nb4 25. Rc4 Nxd3 26. Rb1 a5 27. Rd1 Nb2
28. Rg4 Nxd1 29. Bxh6 g6 30. Re4 Nc3 31. Rc4 Nxa2 32. Bg5 Kg7 33. f3 c5 34. Be3
Nb4 35. h4 f5 36. Bg5 e4 37. fxe4 Rxe4 38. Rxe4 fxe4 39. g4 c4 40. h5 c3 41. h6+
Kh7 42. Kf2 c2 43. Kg3 c1=Q 44. Bxc1 Rxc1 45. Kf4 Kxh6 46. Kxe4 Kg5 47. Kf3 Rc3+
48. Ke4 Kxg4 49. Kd4 Rc5 0-1

[Event "AUTO-INT-1163"]
[Site "http://www.queenalice.com/game.php?id=519712"]
[Date "2009.1.9"]
[Round "1"]
[White "dallascow"]
[Black "ciceroeduardo"]
[Result "0-1"]
[WhiteElo "1497"]
[BlackElo "1683"]

1. Nh3 e5 2. e3 d5 3. Nc3 Nf6 4. d4 Nc6 5. dxe5 Nxe5 6. e4 d4 7. Nd5 Nxe4 8.
Nhf4 Nc6 9. Bd3 Bf5 10. O-O Qd6 11. Bxe4 Bxe4 12. c4 Be7 13. Qa4 O-O 14. Re1
Bxd5 15. cxd5 Bg5 16. Nd3 Qxd5 17. Re5 Qd6 18. Rxg5 h6 19. Bf4 Qf6 20. h3 hxg5
21. Bg3 Qe7 22. Re1 Qf6 23. Nc5 Rfd8 24. Qd1 b6 25. Bxc7 Rd5 26. Ne4 Qf5 27. Ng3
Qd7 28. Qb3 Na5 29. Qc2 d3 30. Qc3 Rc5 31. Qd2 Nc4 32. Qe2 dxe2 33. Rxe2 Qxc7
34. Ne4 Re5 35. b3 Nd6 36. f3 Qc1+ 37. Kh2 Nxe4 38. fxe4 Qf4+ 39. g3 Qf3 40. Rg2
Rxe4 41. g4 Re3 42. a4 Qxh3+ 43. Kg1 Re1+ 44. Kf2 Qe3# 0-1

[Event "AUTO-INT-1163"]
[Site "http://www.queenalice.com/game.php?id=519713"]
[Date "2009.1.9"]
[Round "1"]
[White "ciceroeduardo"]
[Black "dallascow"]
[Result "1-0"]
[WhiteElo "1646"]
[BlackElo "1463"]

1. e4 d6 2. Bc4 Nh6 3. Nf3 e6 4. Nc3 d5 5. exd5 exd5 6. Nxd5 Na6 7. O-O Bd6 8.
Re1+ Be6 9. Ng5 O-O 10. d4 Nb4 11. Qf3 Nxc2 12. Be3 Nxa1 13. Rxa1 c6 14. Rc1
Bxd5 15. Bxd5 cxd5 16. Qxd5 Qd7 17. Qe4 Rfe8 18. Qxh7+ Kf8 19. Re1 Nf5 20. Qh8+
Ke7 21. Bf4+ Kf6 22. Ne4+ Kg6 23. Qh3 Bxf4 24. Qg4+ Kh7 25. Qxf4 Qe6 26. Ng5+
Kg6 27. Nxe6 Rxe6 28. Rxe6+ f6 29. Qg4+ Kf7 30. Qxf5 Kg8 31. Qd5 Kh7 32. Qxb7
Rh8 33. Qe4+ g6 34. Rxf6 Rg8 35. Qh4+ Kg7 36. Qf4 Re8 37. h4 Rh8 38. Rf7+ Kg8
39. Rf8+ Kh7 40. Qf7+ Kh6 41. Rxh8# 1-0

[Event "AUTO-BEG-262"]
[Site "http://www.queenalice.com/game.php?id=530337"]
[Date "2009.1.27"]
[Round "2"]
[White "GMLuizFernandes"]
[Black "dallascow"]
[Result "1-0"]
[WhiteElo "1740"]
[BlackElo "1473"]

1. Nf3 e6 2. d4 d5 3. e3 Bd6 4. c4 Nf6 5. Nc3 Bb4 6. Bd2 Ne4 7. Nxe4 dxe4 8.
Bxb4 Nc6 9. Bc3 O-O 10. Nd2 a5 11. Nxe4 b6 12. Qg4 Nxd4 13. Bxd4 f5 14. Qxg7#
1-0

[Event "AUTO-BEG-262"]
[Site "http://www.queenalice.com/game.php?id=530338"]
[Date "2009.1.27"]
[Round "2"]
[White "dallascow"]
[Black "GMLuizFernandes"]
[Result "0-1"]
[WhiteElo "1493"]
[BlackElo "1785"]

1. e3 e5 2. Nh3 d5 3. Be2 Bxh3 4. gxh3 Nc6 5. Bb5 Qd7 6. d4 exd4 7. exd4 Be7 8.
Bf4 a6 9. Bxc6 Qxc6 10. Qe2 Nf6 11. Rg1 O-O-O 12. Qxe7 Rhe8 13. Qe3 Qxc2 14.
Qxe8 Rxe8+ 15. Be3 Qc1+ 16. Ke2 Qxg1 17. h4 Ne4 18. f3 Ng3+ 19. Kd3 Rxe3+ 0-1

[Event "AUTO-BEG-270"]
[Site "http://www.queenalice.com/game.php?id=578775"]
[Date "2009.4.27"]
[Round "2"]
[White "dallascow"]
[Black "code_5541"]
[Result "0-1"]
[WhiteElo "1450"]
[BlackElo "1514"]

1. e3 e5 2. Nc3 d5 3. d4 e4 4. Qh5 Nf6 5. Qe5+ Qe7 6. Qf4 Nc6 7. Bd2 g6 8. Bb5
Bg7 9. Bxc6+ bxc6 10. Nh3 Bxh3 11. gxh3 O-O 12. O-O-O Nh5 13. Qg4 f5 14. Qe2
Rab8 15. Na4 Nf6 16. Nc5 Nd7 17. Na6 Rbc8 18. Bb4 c5 19. Bxc5 Nxc5 20. dxc5 c6
21. a3 Qb7 22. b4 Qb5 23. Qxb5 cxb5 24. Rxd5 Rf6 25. c6 Rfxc6 26. Rhd1 Rxc2+ 27.
Kb1 Rxf2 28. Rd8+ Rxd8 29. Rxd8+ Bf8 30. Nc7 f4 31. Ne6 fxe3 32. Nxf8 e2 33.
Ne6+ Kf7 34. Ng5+ Ke7 35. Rd2 e1=Q+ 36. Kb2 Qxd2+ 0-1

[Event "AUTO-BEG-270"]
[Site "http://www.queenalice.com/game.php?id=578776"]
[Date "2009.4.27"]
[Round "2"]
[White "code_5541"]
[Black "dallascow"]
[Result "1-0"]
[WhiteElo "1499"]
[BlackElo "1465"]

1. e4 Nc6 2. d4 e5 3. d5 Na5 4. Nf3 Bc5 5. Nc3 Nh6 6. a3 Bd4 7. Nxd4 exd4 8.
Qxd4 b6 9. Qxg7 Rf8 10. Qxh6 Rh8 11. Qg7 Rf8 12. Qxh7 d6 13. Bh6 Qh4 14. g3 Qh5
15. Be2 Qg6 16. Qxg6 fxg6 17. Bxf8 Kxf8 18. Nb5 a6 19. Nxc7 Ra7 20. Ne6+ Ke8 21.
b4 Nb7 22. Nc7+ Kd7 23. Nxa6 Kd8 24. b5 Nc5 25. Nxc5 dxc5 26. c4 Re7 27. Bf3 Bf5
28. O-O-O Bxe4 29. Bxe4 Rxe4 30. Kb2 Rxc4 31. d6 Ra4 32. d7 Ra5 33. Rhe1 Rxb5+
34. Ka2 Ra5 35. Re8+ Kc7 36. d8=Q+ Kb7 37. Qd7+ 1-0